000
00320nam a2200133Ia 4500
008
100328s9999 xx 000 0 und d
082
_b
26634
100
_a
भांड बाबा
245
_a
काजोळ
260
_b
ाारा
630
_a
काजोळ
730
_a
काजोळ
942
_c
BOOK
999
_c
518929
_d
518926